书目信息 |
| 题名: |
旅游法概论
|
|
| 作者: | 符继红 主编 | |
| 分册: | ||
| 出版信息: | 北京 科学出版社 2006 |
|
| 页数: | 243页 | |
| 开本: | 24cm | |
| 丛书名: | ||
| 单 册: | ||
| 中图分类: | D922.296.1 | |
| 科图分类: | ||
| 主题词: | 旅游业--法规--中国--高等学校--教材 , 旅游业 , 法规 | |
| 电子资源: | ||
| ISBN: | 7-03-017764-9 | |
| 000 | 00847nam0 2200277 450 | |
| 001 | 003245284 | |
| 005 | 20070807110950.18 | |
| 010 | @a7-03-017764-9@dCNY21.00 | |
| 035 | @a003245284 | |
| 100 | @a20060104d2006 em y0chiy0110 ea | |
| 101 | 0 | @achi |
| 102 | @aCN@b110000 | |
| 105 | @ay z 000yy | |
| 106 | @ar | |
| 200 | 1 | @a旅游法概论@Alv you fa gai lun@f符继红主编@Ffu ji hong zhu bian |
| 210 | @a北京@c科学出版社@d2006 | |
| 215 | @a243页@d24cm | |
| 300 | @a全国高等院校旅游系列规划教材 | |
| 330 | @a全书共10章。内容包括:导论、旅游法律关系、旅游企业管理法律制度、旅游者权益保护法律制度、旅游安全管理法律制度等。 | |
| 606 | 0 | @a旅游业@x法规@y中国@x高等学校@j教材 |
| 606 | 0 | @a旅游业 |
| 606 | 0 | @a法规 |
| 690 | @aD922.296.1@v4 | |
| 701 | 0 | @a符继红@Afu ji hong@4主编 |
| 801 | 0 | @aCN@bNLC@c20070807 |
| 905 | @dD922.296.1@e835@f5 | |
| 旅游法概论/符继红主编.-北京:科学出版社,2006 |
| 243页;24cm |
| 全国高等院校旅游系列规划教材 |
| ISBN 7-03-017764-9:CNY21.00 |
| 全书共10章。内容包括:导论、旅游法律关系、旅游企业管理法律制度、旅游者权益保护法律制度、旅游安全管理法律制度等。 |
| ● |
| 相关链接 |
|
|
|
|
正题名:旅游法概论
索取号:D922.296.1/835
 
预约/预借
| 序号 | 登录号 | 条形码 | 馆藏地/架位号 | 状态 | 备注 |
| 1 | 0853249 | 208532499 | 第一样本阅览室/ [索取号:D922.296.1/835] | 在馆 | |
| 2 | 0853250 | 208532505 | 第一借阅区/ [索取号:D922.296.1/835] | 在馆 | |
| 3 | 0853251 | 208532514 | 第一借阅区/ [索取号:D922.296.1/835] | 在馆 | |
| 4 | 0853252 | 208532523 | 第一借阅区/ [索取号:D922.296.1/835] | 在馆 | |
| 5 | 0853253 | 208532532 | 第一借阅区/ [索取号:D922.296.1/835] | 在馆 |